000 01119nam a22003257a 4500
003 CHAP
005 20220817043355.0
008 971013s1970 r 00010 d
010 _a73548
011 _a74520
035 _a84079
040 _cCHAP
090 _aTesis
100 0 0 _aGarcía Vélez, Humberto F.
_946745
245 _aAlgunas aplicaciones de "análisis de sistemas" en la Facultad de Ciencias Químicas y su Escuela de Graduados, U.N.L.; un punto de partida para un presupuesto por programas
260 _aMonterrey, N.L.,
_c1970
300 _a56 h.
502 _aTesis (Lic. en Economía) -- Univ. de Nuevo León. Fac. de Economía
590 _aALEPH
_b10
_c20130110
_lUCH01
_h1416
590 _aBATCH-UPD
_b10
_c20130110
_lUCH01
_h0424
590 _aBATCH-UPD
_b10
_c20130410
_lUCH01
_h0059
590 _aBATCH-UPD
_b10
_c20130914
_lUCH01
_h0351
590 _aCONVERSION
_b10
_c20130109
_lUCH01
_h1340
650 1 4 _aAnálisis de sistemas.
_95976
650 1 4 _aEducación
_xCostos.
_935426
650 1 4 _aProgramación.
901 _aBK
942 _cTESIS
949 _bBC
_cTES
_d-39212
_eTS1
_i84079
_si
999 _c73548
_d73548